000 00912cab a2200277 4500
001 ABS56163
008 090401t1996 xxu||||| |||| 00| 0 eng d
035 _a(Sirsi) u21666
041 _aeng
100 _aBulman, E.
245 _aModel passengers
260 _c1996
350 _a0
490 _aArchitects` Journal
_v204(20) 28 November 1996, 55-56(2)
520 _aDiscusses how particular pedestrian simulation packages are being used to help design public buildings which can ensure desired movements and emegency evacuation can be achieved safely and satisfactorily.
650 _aDESIGN
650 _aFACILITIES MANAGEMENT
_96240
650 _aPEDESTRIAN MOVEMENT
650 _aPEDESTRIAN SIMULATION MODELLING
650 _aPEDESTRIANS
650 _aPUBLIC BUILDINGS
690 _aBUILT ENVIRONMENT-CONSTRUCTION DESIGN
700 _aClifford, P.
942 _n0
948 _c04/03/1997
999 _c14531
_d14531